000 00453nam a2200205Ia 4500
003 0100
008 130303s9999 xx 000 0 und d
020 _a0316174319
040 _cARRUPELIB
050 _aDT352.4.D3 1970
100 _aDavidson, Basil
245 4 _aThe lost cities of Africa
250 _arev. ed.
260 _aBoston MA
260 _bLittle, Brown
260 _C1970
300 _a366p
650 _bLinguistics
942 0 0 _02
999 _c33783
_d33783